| 000 | 00531nmm a2200193Ia 4500 | ||
|---|---|---|---|
| 008 | 251105s9999||||xx |||||||||||||||||und|| | ||
| 020 | _a9788498958614 | ||
| 041 | _aspa | ||
| 100 | _aVelasco, Lola | ||
| 245 | 0 |
_aUn aguijón de luz : _b Trilogía |
|
| 264 |
_a[Madrid, España] : _bVisor Libros, _c2014 |
||
| 300 | _a250 páginas | ||
| 490 | _aVisor de Poesía | ||
| 650 | _aSpanish poetry | ||
| 700 | _aVelasco, Lola | ||
| 700 | 1 | _a Muñoz, Luís | |
| 856 | _uhttps://public.digitaliapublishing.com/a/41539 | ||
| 942 | _cCF | ||
| 999 |
_c72321 _d72321 |
||